000 006700000a22001810004500
008 230817t ||||| |||| 00| 0 eng d
082 _a305.409
_bWOM
245 _aA Woman's mind is longer than a kitchen spoon :
_breport on women in Sri Lanka
260 _aLeiden:
_bResearch Project Women and Development,
_c1980
260 _aColombo:
_bNational Institute of Business Management,
_c1980
300 _aiii, 146 p., 6 unnumbered pages of plates : ill. ; 21 cm
_bBibliography included
650 _aStatus of women- Sri Lanka
650 _aWomen- Sri Lanka
700 _aRisseeuw, Carla
700 _aPostel, Els
_eed.
700 _aSchrijvers, Joke
_eed.
942 _cRP
999 _c2020
_d2020